000 00902nam a2200301Ia 4500
001 48490
003 IT-RoPAU
008 130308s9999 xx 000 0 und d
040 _aIT-RoPAU
040 _cIT-RoPAU
041 _aITALIANO
100 _aPorro Renato
100 _gCodice Aut. SPICS: 9007
245 _aPubblicità televisiva (La)-Modelli e finalità comunicative
245 _bE comprarono felici e Contenti
250 _a1a ed.
260 _aMILANO
260 _bSole 24 Ore
260 _c1987 [1° Ed.:1987 - Ed.Ling.Originale:1987]
300 _a"14 p. (prefazione: no ; testo: 14 [pagine: 41-54])"
500 _aPresenza e Tipo di Struttura Narrativa Modalità di Spettacolarizzazione Finalità del Messaggio pubblicitario
650 _aSAGGI DI PUBBLICITA'
650 _eCodice materia Spics: 6211
942 _cBK
957 _71
999 _c48867
_d48867
999 _bSI
999 _g1